Gaming Quiz

Random Gaming or Video Games Quiz

The Witcher 3 Bestiary Quiz Stats

 Plays Quiz not verified by Sporcle

Score 0/20 Timer 08:00
0 Plays Today
% Correct
Bear
98.9%
Drowner
91.8%
Dog
90.7%
Griffin
89.2%
Wolf
85.6%
Nekker
79.1%
Cyclops
79%
Siren
77.4%
Wyvern
77.4%
Werewolf
77.3%
% Correct
Ghoul
76%
Rock Troll
75.4%
Gargoyle
75.1%
Wraith
73.7%
Harpy
70.8%
Leshen
64.1%
Fiend
60.6%
Golem
59.7%
Godling
50.5%
Ekimmara
43.8%

You're not logged in!

Compare scores with friends on all Sporcle quizzes.
OR
Log In

Show Comments

Extras

Top Quizzes Today


Score Distribution

Your Account Isn't Verified!

In order to create a playlist on Sporcle, you need to verify the email address you used during registration. Go to your Sporcle Settings to finish the process.

Report this User

Report this user for behavior that violates our Community Guidelines.

Details: